Development and demonstration of FRP composite fender, loadbearing, and sheet piling systems /

Bibliographic Details
Corporate Author: Construction Engineering Research Laboratories (U.S.)
Other Authors: Lampo, R. (Richard)
Format: Government Document Microform Book
Language:English
Published: [Champaign, Ill.] : US Army Corps of Engineers, Construction Engineering Research Laboratories ; [1998]
Series:USACERL technical report ; 98/123.
Subjects:
Online Access:Adobe Acrobat reader required

MARC

Tag First Indicator Second Indicator Subfields
LEADER 00000cam a2200000 a 4500
001 in00000002966
005 20151007050822.0
007 he bmb024baca
008 990201e199809 ilua bbt f000 0 eng d
035 |a (OCoLC)ocm42414429 
035 |9 AJE4374AM 
040 |d GPO  |d DLC  |d MvI  |d UtOrBLW 
049 |a UMIC  |a WWW 
074 |a 0335-A (MF) 
074 |a 0335-A (online) 
086 0 |a D 103.53:98/123 
245 0 0 |a Development and demonstration of FRP composite fender, loadbearing, and sheet piling systems /  |c by Richard Lampo [and others]. 
246 1 |i At head of title:  |a Construction Productivity Advancement Research (CPAR) Program 
264 1 |a [Champaign, Ill.] :  |b US Army Corps of Engineers, Construction Engineering Research Laboratories ;  |c [1998] 
264 2 |a [Springfield, Va.] :  |b [National Technical Information Service, distributor], 
300 |a 1 volume (various pagings) :  |b illustrations ;  |c 28 cm. 
336 |a text  |b txt  |2 rdacontent 
337 |a microform  |b h  |2 rdamedia 
338 |a microfiche  |b he  |2 rdacarrier 
490 1 |a USACERL technical report ;  |v 98/123 
500 |a Shipping List #: 99-0219-M 
500 |a Shipping List Date: 01/26/99 
513 |a Final. 
500 |a Cover title. 
500 |a "A corps/industry partnership to advance construction productivity and reduce costs." 
500 |a "September 1998." 
504 |a Includes bibliographical references. 
536 |d LU3. 
533 |a Microfiche.  |b [Washington, D.C.] :  |c Supt. of Docs., U.S. G.P.O.,  |d [1998]  |e 2 microfiches : negative. 
530 |a Also available via Internet from the Construction Engineering Research Laboratories web site. Address as of 3/3/03: http://owww.cecer.army.mil/techreports/lam_COFE/Lam_COFE.FLM.post.PDF. 
500 |a Microform. 
650 0 |a Composite materials. 
650 0 |a Polymeric composites. 
650 0 |a Fibrous composites. 
650 0 |a Pultrusion. 
700 1 |a Lampo, R.  |q (Richard) 
710 2 |a Construction Engineering Research Laboratories (U.S.) 
830 0 |a USACERL technical report ;  |v 98/123. 
856 4 1 |u http://owww.cecer.army.mil/techreports/lam_COFE/Lam_COFE.FLM.post.PDF  |z Adobe Acrobat reader required  |t 0 
999 |a MARS 
999 f f |s f4fe0a5f-3a2d-3fa1-afe6-d9a92a398117  |i 8a6d4df6-f5ca-3dd3-bdcd-abd31b5c157b  |t 0 
952 f f |p normal  |a Texas A&M University  |b College Station  |c Sterling C. Evans Library  |d Evans: US Documents Microfiche (3rd floor)  |t 0  |e D 103.53:98/123  |h Superintendent of Documents classification  |i microform -- microfiche  |m A14824419993 
952 f f |a Texas A&M University  |b College Station  |c Electronic Resources  |d Available Online  |t 0  |e D 103.53:98/123  |h Superintendent of Documents classification 
998 f f |a D 103.53:98/123  |t 0  |l Available Online 
998 f f |a D 103.53:98/123  |t 0  |l Evans: US Documents Microfiche (3rd floor)